IMF Economic review [official research journal of the International Monetary Fund]

Saved in:
Bibliographic Details
Format: Serial
Language:English
Published: New York Palgrave Macmillan 2017
Tags: Add Tag
No Tags, Be the first to tag this record!

MARC

LEADER 00000nas2a2200000 4500
001 0240126
005 20220303084926.4
022 |a 2041-4161 
041 0 |a eng 
044 |a US 
245 1 0 |a IMF Economic review  |b [official research journal of the International Monetary Fund] 
264 1 |a New York  |b Palgrave Macmillan  |c 2017 
773 0 |w eu_un_cat*0141960 
774 0 |w eu_un_cat*0282290